[Event "45th FIDE Chess Olympiad Open"]
[Site "Budapest, Hungary"]
[Date "2024.09.20"]
[Round "9"]
[White "Van Delden, Johan"]
[Black "Lusako, Shedrack"]
[Result "1-0"]
[Board "336"]
[WhiteFideId "7502206"]
[BlackFideId "21600538"]
[WhiteElo "1909"]
[BlackElo "1760"]
[WhiteTeam "Netherlands Antilles"]
[BlackTeam "Tanzania"]
[WhiteClock "0:37:13"]
[BlackClock "0:38:41"]
[Variant "Standard"]

1. e4 {[%clk 1:30:56]}  e5 {[%clk 1:30:52]} 2. Nf3 {[%clk 1:31:22]}  Nc6 {[%clk 1:31:14]} 3. Bb5 {[%clk 1:31:42]}  Bc5 {[%clk 1:31:30]} 4. O-O {[%clk 1:31:45]}  Nge7 {[%clk 1:31:40]} 5. c3 {[%clk 1:31:37]}  a6 {[%clk 1:31:54]} 6. Ba4 {[%clk 1:31:53]}  b5 {[%clk 1:31:54]} 7. Bb3 {[%clk 1:31:54]}  d6 {[%clk 1:31:28]} 8. Ng5 {[%clk 1:30:23]}  d5 {[%clk 1:30:00]} 9. exd5 {[%clk 1:29:59]}  Nxd5 {[%clk 1:30:15]} 10. Nxf7 {[%clk 1:30:04]}  Kxf7 {[%clk 1:29:33]} 11. Qf3+ {[%clk 1:30:14]}  Ke6 {[%clk 1:29:43]} 12. d4 {[%clk 1:29:06]}  Bxd4 {[%clk 1:24:54]} 13. Bg5 {[%clk 1:17:06]}  Qd6 {[%clk 0:54:48]} 14. Qh3+ {[%clk 0:56:50]}  Kf7 {[%clk 0:53:10]} 15. Qf3+ {[%clk 0:57:07]}  Ke6 {[%clk 0:52:15]} 16. Nd2 {[%clk 0:43:58]}  Rf8 {[%clk 0:49:04]} 17. Bxd5+ {[%clk 0:43:52]}  Qxd5 {[%clk 0:46:14]} 18. Qxf8 {[%clk 0:43:17]}  Bb7 {[%clk 0:38:51]} 19. Qxg7 {[%clk 0:40:54]}  Bb6 {[%clk 0:38:50]} 20. Nf3 {[%clk 0:39:53]}  e4 {[%clk 0:38:31]} 21. Qf6+ {[%clk 0:39:58]}  Kd7 {[%clk 0:38:31]} 22. Rad1 {[%clk 0:39:46]}  Nd4 {[%clk 0:38:41]} 23. Ne5+ {[%clk 0:37:13]} 1-0

[Event "45th FIDE Chess Olympiad Open"]
[Site "Budapest, Hungary"]
[Date "2024.09.20"]
[Round "9"]
[White "Morazo, John Ranel"]
[Black "Moncur, Cecil"]
[Result "1-0"]
[Board "337"]
[WhiteFideId "5203791"]
[BlackFideId "10400583"]
[BlackTitle "FM"]
[WhiteElo "2200"]
[BlackElo "1839"]
[WhiteTeam "Palau"]
[BlackTeam "Bahamas"]
[WhiteClock "0:27:22"]
[BlackClock "0:13:58"]
[Variant "Standard"]

1. d4 {[%clk 1:30:45]}  g6 {[%clk 1:30:48]} 2. c4 {[%clk 1:31:10]}  Bg7 {[%clk 1:31:11]} 3. Nc3 {[%clk 1:31:35]}  d6 {[%clk 1:31:31]} 4. e4 {[%clk 1:32:01]}  Nc6 {[%clk 1:31:52]} 5. Be3 {[%clk 1:32:26]}  e5 {[%clk 1:32:14]} 6. d5 {[%clk 1:32:50]}  Nce7 {[%clk 1:32:33]} 7. g4 {[%clk 1:33:06]}  f5 {[%clk 1:32:41]} 8. gxf5 {[%clk 1:33:29]}  gxf5 {[%clk 1:33:01]} 9. Nf3 {[%clk 1:33:28]}  Nf6 {[%clk 1:23:56]} 10. Rg1 {[%clk 1:22:56]}  Rg8 {[%clk 1:22:07]} 11. Bd3 {[%clk 1:18:51]}  f4 {[%clk 1:22:22]} 12. Bd2 {[%clk 1:18:33]}  Bh6 {[%clk 1:21:12]} 13. Rxg8+ {[%clk 1:16:39]}  Nexg8 {[%clk 1:21:11]} 14. c5 {[%clk 1:14:57]}  a6 {[%clk 1:19:06]} 15. Qa4+ {[%clk 1:11:49]}  Ke7 {[%clk 1:13:27]} 16. O-O-O {[%clk 1:07:49]}  Bg4 {[%clk 1:11:46]} 17. Be2 {[%clk 1:07:18]}  b6 {[%clk 1:11:01]} 18. cxd6+ {[%clk 1:06:20]}  cxd6 {[%clk 1:10:33]} 19. Rg1 {[%clk 1:03:54]}  Bxf3 {[%clk 1:09:59]} 20. Bxf3 {[%clk 1:04:11]}  b5 {[%clk 1:09:33]} 21. Qd1 {[%clk 0:59:05]}  Rc8 {[%clk 1:08:46]} 22. Kb1 {[%clk 0:59:11]}  Qb6 {[%clk 1:03:09]} 23. Qf1 {[%clk 0:54:10]}  Qc7 {[%clk 0:53:33]} 24. Qh3 {[%clk 0:50:06]}  Qd7 {[%clk 0:38:50]} 25. Qh4 {[%clk 0:48:17]}  Kf7 {[%clk 0:37:07]} 26. Bg2 {[%clk 0:43:01]}  Qe7 {[%clk 0:32:50]} 27. Bh3 {[%clk 0:42:51]}  Rf8 {[%clk 0:32:00]} 28. f3 {[%clk 0:36:41]}  Ke8 {[%clk 0:31:11]} 29. Be6 {[%clk 0:32:58]}  Kd8 {[%clk 0:30:28]} 30. Nxb5 {[%clk 0:28:28]}  axb5 {[%clk 0:28:28]} 31. Ba5+ {[%clk 0:28:53]}  Ke8 {[%clk 0:25:25]} 32. Rc1 {[%clk 0:29:16]}  Qa7 {[%clk 0:20:21]} 33. Rc8+ {[%clk 0:29:34]}  Ke7 {[%clk 0:20:21]} 34. Rc7+ {[%clk 0:29:57]}  Qxc7 {[%clk 0:20:06]} 35. Bxc7 {[%clk 0:30:21]}  Bg7 {[%clk 0:19:22]} 36. Qg5 {[%clk 0:28:44]}  Bh8 {[%clk 0:19:08]} 37. Qg1 {[%clk 0:28:43]}  Nh6 {[%clk 0:18:25]} 38. Qa7 {[%clk 0:28:14]}  Nf7 {[%clk 0:13:58]} 39. Bxd6+ {[%clk 0:27:04]}  Kxd6 {[%clk 0:13:58]} 40. Qa3+ {[%clk 0:27:22]} 1-0

[Event "45th FIDE Chess Olympiad Open"]
[Site "Budapest, Hungary"]
[Date "2024.09.20"]
[Round "9"]
[White "Ferguson, Joseph"]
[Black "Tan, Santiago Jr"]
[Result "1-0"]
[Board "338"]
[WhiteFideId "10400109"]
[BlackFideId "16601661"]
[WhiteElo "1797"]
[BlackElo "1903"]
[WhiteTeam "Bahamas"]
[BlackTeam "Palau"]
[WhiteClock "0:17:26"]
[BlackClock "0:15:03"]
[Variant "Standard"]

1. f4 {[%clk 1:30:58]}  g6 {[%clk 1:30:37]} 2. Nf3 {[%clk 1:31:19]}  Bg7 {[%clk 1:30:49]} 3. e3 {[%clk 1:31:42]}  d5 {[%clk 1:30:42]} 4. Ne5 {[%clk 1:31:42]}  Nf6 {[%clk 1:30:47]} 5. b3 {[%clk 1:32:01]}  d4 {[%clk 1:30:34]} 6. Be2 {[%clk 1:30:19]}  O-O {[%clk 1:30:07]} 7. O-O {[%clk 1:29:45]}  c5 {[%clk 1:30:11]} 8. d3 {[%clk 1:29:51]}  Qc7 {[%clk 1:29:32]} 9. e4 {[%clk 1:29:23]}  Nbd7 {[%clk 1:28:49]} 10. Nxd7 {[%clk 1:29:19]}  Bxd7 {[%clk 1:29:09]} 11. Nd2 {[%clk 1:29:32]}  b5 {[%clk 1:28:50]} 12. g3 {[%clk 1:18:38]}  Bc6 {[%clk 1:27:44]} 13. Bf3 {[%clk 1:18:13]}  e6 {[%clk 1:24:05]} 14. Ba3 {[%clk 1:12:56]}  b4 {[%clk 1:24:08]} 15. Bb2 {[%clk 1:13:23]}  a5 {[%clk 1:23:49]} 16. a4 {[%clk 1:13:51]}  Nd7 {[%clk 1:22:41]} 17. Qe2 {[%clk 1:06:41]}  Rfe8 {[%clk 1:20:38]} 18. Nc4 {[%clk 1:04:23]}  Nb6 {[%clk 1:08:57]} 19. Nd2 {[%clk 0:59:08]}  Rad8 {[%clk 1:06:51]} 20. e5 {[%clk 0:52:12]}  Bxf3 {[%clk 1:00:26]} 21. Qxf3 {[%clk 0:52:11]}  Nd5 {[%clk 1:00:28]} 22. Nc4 {[%clk 0:52:39]}  Rf8 {[%clk 1:00:11]} 23. Rae1 {[%clk 0:50:14]}  h6 {[%clk 0:53:32]} 24. Bc1 {[%clk 0:50:17]}  Kh7 {[%clk 0:45:09]} 25. Bd2 {[%clk 0:47:53]}  Ra8 {[%clk 0:42:18]} 26. Kf2 {[%clk 0:47:25]}  Qe7 {[%clk 0:42:14]} 27. Ke2 {[%clk 0:46:38]}  f5 {[%clk 0:39:59]} 28. Kd1 {[%clk 0:43:38]}  Ra6 {[%clk 0:30:53]} 29. Re2 {[%clk 0:41:15]}  h5 {[%clk 0:29:47]} 30. h3 {[%clk 0:40:56]}  Rh8 {[%clk 0:29:26]} 31. g4 {[%clk 0:35:07]}  fxg4 {[%clk 0:26:10]} 32. hxg4 {[%clk 0:35:24]}  Kg8 {[%clk 0:25:59]} 33. f5 {[%clk 0:35:04]}  hxg4 {[%clk 0:25:57]} 34. Qxg4 {[%clk 0:34:11]}  gxf5 {[%clk 0:25:58]} 35. Qg2 {[%clk 0:34:34]}  f4 {[%clk 0:25:35]} 36. Ref2 {[%clk 0:32:25]}  Qh4 {[%clk 0:21:01]} 37. Bxf4 {[%clk 0:29:35]}  Ra8 {[%clk 0:20:37]} 38. Bd2 {[%clk 0:29:28]}  Qh3 {[%clk 0:19:27]} 39. Qg6 {[%clk 0:27:55]}  Qh5+ {[%clk 0:19:38]} 40. Qxh5 {[%clk 0:27:12]}  Rxh5 {[%clk 0:19:58]} 41. Rg2 {[%clk 0:27:01]}  Ne7 {[%clk 0:18:04]} 42. Nd6 {[%clk 0:24:24]}  Rf8 {[%clk 0:17:50]} 43. Rfg1 {[%clk 0:24:32]}  Rh7 {[%clk 0:17:17]} 44. Bh6 {[%clk 0:24:47]}  Rf1+ {[%clk 0:16:31]} 45. Rxf1 {[%clk 0:24:51]}  Rxh6 {[%clk 0:16:49]} 46. Ne8 {[%clk 0:24:20]}  Nf5 {[%clk 0:16:40]} 47. Nf6+ {[%clk 0:24:39]}  Kh8 {[%clk 0:16:25]} 48. Ng4 {[%clk 0:22:50]}  Rh4 {[%clk 0:16:40]} 49. Rh2 {[%clk 0:18:16]}  Rxh2 {[%clk 0:16:42]} 50. Nxh2 {[%clk 0:18:42]}  Ne3+ {[%clk 0:16:57]} 51. Ke2 {[%clk 0:18:08]}  Nxf1 {[%clk 0:17:14]} 52. Nxf1 {[%clk 0:18:24]}  Bxe5 {[%clk 0:17:36]} 53. Kf3 {[%clk 0:18:35]}  Kg7 {[%clk 0:17:41]} 54. Nd2 {[%clk 0:18:36]}  Bd6 {[%clk 0:17:33]} 55. Ne4 {[%clk 0:16:40]}  Be7 {[%clk 0:17:48]} 56. Kf4 {[%clk 0:17:02]}  Kf7 {[%clk 0:16:45]} 57. Ke5 {[%clk 0:17:03]}  Bd8 {[%clk 0:14:39]} 58. Nxc5 {[%clk 0:16:51]}  Bc7+ {[%clk 0:14:48]} 59. Kxd4 {[%clk 0:17:06]}  Bb6 {[%clk 0:15:03]} 60. Kc4 {[%clk 0:17:26]} 1-0

[Event "45th FIDE Chess Olympiad Open"]
[Site "Budapest, Hungary"]
[Date "2024.09.20"]
[Round "9"]
[White "Mahor Jr, Manuel"]
[Black "Pride, Avian"]
[Result "1/2-1/2"]
[Board "339"]
[WhiteFideId "16600100"]
[BlackFideId "10401202"]
[WhiteElo "1759"]
[BlackElo "1743"]
[WhiteTeam "Palau"]
[BlackTeam "Bahamas"]
[WhiteClock "0:38:02"]
[BlackClock "0:38:47"]
[Variant "Standard"]

1. c4 {[%clk 1:30:49]}  Nf6 {[%clk 1:30:06]} 2. g3 {[%clk 1:30:49]}  c6 {[%clk 1:30:11]} 3. Nc3 {[%clk 1:30:41]}  d5 {[%clk 1:28:17]} 4. cxd5 {[%clk 1:28:44]}  cxd5 {[%clk 1:28:39]} 5. d4 {[%clk 1:28:48]}  g6 {[%clk 1:28:27]} 6. Bg2 {[%clk 1:29:03]}  e6 {[%clk 1:28:48]} 7. Nf3 {[%clk 1:28:54]}  Bg7 {[%clk 1:29:04]} 8. O-O {[%clk 1:29:03]}  Nc6 {[%clk 1:28:57]} 9. Qb3 {[%clk 1:21:29]}  O-O {[%clk 1:28:35]} 10. Bg5 {[%clk 1:20:38]}  Qd7 {[%clk 1:26:38]} 11. Rac1 {[%clk 1:19:10]}  Ne4 {[%clk 1:11:47]} 12. Be3 {[%clk 1:14:36]}  Nd6 {[%clk 1:08:27]} 13. Rfd1 {[%clk 1:13:26]}  Nf5 {[%clk 1:08:08]} 14. a3 {[%clk 1:10:58]}  b6 {[%clk 0:57:17]} 15. Bh3 {[%clk 1:06:15]}  Na5 {[%clk 0:54:45]} 16. Qb5 {[%clk 1:00:35]}  Nxe3 {[%clk 0:52:21]} 17. fxe3 {[%clk 0:59:05]}  Nc4 {[%clk 0:52:37]} 18. Kf2 {[%clk 0:57:30]}  Qxb5 {[%clk 0:51:31]} 19. Nxb5 {[%clk 0:57:12]}  Nxb2 {[%clk 0:51:05]} 20. Rd2 {[%clk 0:56:56]}  Nc4 {[%clk 0:51:05]} 21. Rdc2 {[%clk 0:56:21]}  Bd7 {[%clk 0:50:30]} 22. Nc7 {[%clk 0:55:31]}  Rac8 {[%clk 0:50:32]} 23. Nxd5 {[%clk 0:55:26]}  exd5 {[%clk 0:50:04]} 24. Bxd7 {[%clk 0:55:33]}  Rc7 {[%clk 0:50:30]} 25. Bb5 {[%clk 0:54:43]}  Rfc8 {[%clk 0:46:42]} 26. Nd2 {[%clk 0:54:06]}  Bh6 {[%clk 0:40:47]} 27. Nxc4 {[%clk 0:54:03]}  dxc4 {[%clk 0:41:11]} 28. Rxc4 {[%clk 0:54:06]}  Rxc4 {[%clk 0:41:31]} 29. Rxc4 {[%clk 0:52:41]}  Rxc4 {[%clk 0:41:54]} 30. Bxc4 {[%clk 0:52:52]}  Kf8 {[%clk 0:41:58]} 31. e4 {[%clk 0:51:52]}  Bc1 {[%clk 0:41:39]} 32. a4 {[%clk 0:51:05]}  Ke7 {[%clk 0:41:57]} 33. e3 {[%clk 0:50:42]}  f6 {[%clk 0:41:26]} 34. Ke2 {[%clk 0:50:48]}  Ba3 {[%clk 0:41:30]} 35. Kd3 {[%clk 0:50:55]}  Kd6 {[%clk 0:41:30]} 36. Bb5 {[%clk 0:49:26]}  a5 {[%clk 0:41:27]} 37. g4 {[%clk 0:48:51]}  h6 {[%clk 0:40:57]} 38. Ke2 {[%clk 0:48:32]}  Bc1 {[%clk 0:40:32]} 39. Kf3 {[%clk 0:48:45]}  g5 {[%clk 0:40:08]} 40. Ke2 {[%clk 0:44:38]}  Ke6 {[%clk 0:39:45]} 41. Kd3 {[%clk 0:44:49]}  Kd6 {[%clk 0:39:49]} 42. h3 {[%clk 0:42:34]}  Ke6 {[%clk 0:40:12]} 43. Bc4+ {[%clk 0:40:28]}  Kd6 {[%clk 0:40:20]} 44. Bg8 {[%clk 0:38:02]}  Ba3 {[%clk 0:38:47]} 1/2-1/2

[Event "45th FIDE Chess Olympiad Open"]
[Site "Budapest, Hungary"]
[Date "2024.09.20"]
[Round "9"]
[White "Murphy, Jones"]
[Black "Hemam, Moulaye Brahim"]
[Result "1/2-1/2"]
[Board "341"]
[WhiteFideId "2057603"]
[BlackFideId "19600054"]
[BlackTitle "CM"]
[WhiteElo "2021"]
[BlackElo "1977"]
[WhiteTeam "Dominica"]
[BlackTeam "Mauritania"]
[WhiteClock "0:32:51"]
[BlackClock "0:25:43"]
[Variant "Standard"]

1. e4 {[%clk 1:30:55]}  c5 {[%clk 1:30:13]} 2. c4 {[%clk 1:31:19]}  Nc6 {[%clk 1:30:35]} 3. Ne2 {[%clk 1:31:44]}  g6 {[%clk 1:30:51]} 4. d4 {[%clk 1:31:59]}  cxd4 {[%clk 1:30:51]} 5. Nxd4 {[%clk 1:32:21]}  Bg7 {[%clk 1:31:12]} 6. Be3 {[%clk 1:32:10]}  Nf6 {[%clk 1:30:23]} 7. Nc3 {[%clk 1:29:26]}  d6 {[%clk 1:28:38]} 8. Be2 {[%clk 1:28:34]}  Bd7 {[%clk 1:28:30]} 9. O-O {[%clk 1:28:30]}  O-O {[%clk 1:28:46]} 10. f3 {[%clk 1:28:43]}  Ne5 {[%clk 1:27:07]} 11. Qd2 {[%clk 1:27:38]}  Rc8 {[%clk 1:25:45]} 12. b3 {[%clk 1:27:29]}  a6 {[%clk 1:25:26]} 13. Rac1 {[%clk 1:23:53]}  Re8 {[%clk 1:23:00]} 14. h3 {[%clk 1:19:13]}  Qa5 {[%clk 1:18:59]} 15. Rc2 {[%clk 1:11:27]}  Nc6 {[%clk 1:11:36]} 16. Rfc1 {[%clk 1:08:09]}  Qe5 {[%clk 1:02:13]} 17. Nd5 {[%clk 1:01:22]}  Nxd5 {[%clk 0:37:51]} 18. Nxc6 {[%clk 1:04:55]}  Rxc6 {[%clk 0:36:25]} 19. cxd5 {[%clk 1:01:55]}  Rxc2 {[%clk 0:36:21]} 20. Rxc2 {[%clk 1:01:22]}  f5 {[%clk 0:29:55]} 21. Rc7 {[%clk 0:58:52]}  Bb5 {[%clk 0:29:55]} 22. Bxb5 {[%clk 0:58:52]}  axb5 {[%clk 0:24:25]} 23. exf5 {[%clk 0:52:33]}  gxf5 {[%clk 0:18:10]} 24. Rxb7 {[%clk 0:50:03]}  Qa1+ {[%clk 0:16:47]} 25. Kh2 {[%clk 0:48:42]}  Bc3 {[%clk 0:14:06]} 26. Qc2 {[%clk 0:46:02]}  Qe1 {[%clk 0:13:23]} 27. Qf2 {[%clk 0:42:14]}  Qxf2 {[%clk 0:10:37]} 28. Bxf2 {[%clk 0:42:42]}  b4 {[%clk 0:10:55]} 29. Ra7 {[%clk 0:39:04]}  e6 {[%clk 0:09:35]} 30. dxe6 {[%clk 0:38:15]}  Rxe6 {[%clk 0:09:56]} 31. a3 {[%clk 0:28:43]}  Re2 {[%clk 0:07:09]} 32. Bg3 {[%clk 0:26:42]}  bxa3 {[%clk 0:06:19]} 33. Rxa3 {[%clk 0:26:23]}  d5 {[%clk 0:06:37]} 34. Ra7 {[%clk 0:25:25]}  d4 {[%clk 0:06:44]} 35. Rd7 {[%clk 0:25:12]}  h5 {[%clk 0:04:31]} 36. b4 {[%clk 0:22:43]}  Rb2 {[%clk 0:04:47]} 37. Bd6 {[%clk 0:21:16]}  d3 {[%clk 0:04:57]} 38. Bf4 {[%clk 0:20:10]}  d2 {[%clk 0:03:45]} 39. b5 {[%clk 0:20:31]}  Kf8 {[%clk 0:03:32]} 40. b6 {[%clk 0:20:24]}  Ke8 {[%clk 0:03:52]} 41. Rd3 {[%clk 0:19:01]}  Kf7 {[%clk 0:01:57]} 42. b7 {[%clk 0:18:53]}  Rxb7 {[%clk 0:02:16]} 43. Bxd2 {[%clk 0:19:20]}  Be5+ {[%clk 0:02:26]} 44. f4 {[%clk 0:18:30]}  Bf6 {[%clk 0:01:27]} 45. Ra3 {[%clk 0:12:00]}  Rb6 {[%clk 0:01:36]} 46. Bc3 {[%clk 0:10:41]}  Be7 {[%clk 0:29:57]} 47. Ra7 {[%clk 0:40:04]}  Ke6 {[%clk 0:30:19]} 48. Bd4 {[%clk 0:39:56]}  Rb3 {[%clk 0:29:11]} 49. Be5 {[%clk 0:35:48]}  Bh4 {[%clk 0:29:15]} 50. Rg7 {[%clk 0:34:50]}  Bf2 {[%clk 0:28:48]} 51. g4 {[%clk 0:32:42]}  hxg4 {[%clk 0:26:21]} 52. hxg4 {[%clk 0:33:09]}  fxg4 {[%clk 0:26:26]} 53. Rxg4 {[%clk 0:33:29]}  Kf5 {[%clk 0:26:26]} 54. Rg2 {[%clk 0:32:51]}  Be3 {[%clk 0:25:43]} 1/2-1/2

[Event "45th FIDE Chess Olympiad Open"]
[Site "Budapest, Hungary"]
[Date "2024.09.20"]
[Round "9"]
[White "Abdellahi Khaled Abdellahi"]
[Black "Bridet, Robert"]
[Result "1-0"]
[Board "342"]
[WhiteFideId "19604416"]
[BlackFideId "93800037"]
[WhiteElo "1894"]
[BlackElo "1697"]
[WhiteTeam "Mauritania"]
[BlackTeam "Dominica"]
[WhiteClock "0:12:21"]
[BlackClock "0:28:01"]
[Variant "Standard"]

1. d4 {[%clk 1:30:37]}  e6 {[%clk 1:30:39]} 2. Bf4 {[%clk 1:30:58]}  d5 {[%clk 1:30:10]} 3. e3 {[%clk 1:31:25]}  Nf6 {[%clk 1:27:39]} 4. Nf3 {[%clk 1:31:25]}  Nc6 {[%clk 1:26:46]} 5. Nbd2 {[%clk 1:31:16]}  Be7 {[%clk 1:23:20]} 6. h3 {[%clk 1:31:00]}  a6 {[%clk 1:22:17]} 7. Bd3 {[%clk 1:31:15]}  Nb4 {[%clk 1:21:03]} 8. Be2 {[%clk 1:31:43]}  c5 {[%clk 1:20:31]} 9. c3 {[%clk 1:32:12]}  Nc6 {[%clk 1:19:58]} 10. O-O {[%clk 1:32:40]}  c4 {[%clk 1:19:13]} 11. b3 {[%clk 1:32:09]}  b5 {[%clk 1:19:28]} 12. Bh2 {[%clk 1:30:29]}  O-O {[%clk 1:19:47]} 13. Ne5 {[%clk 1:30:44]}  Bb7 {[%clk 1:19:18]} 14. f4 {[%clk 1:31:04]}  Nxe5 {[%clk 1:16:30]} 15. fxe5 {[%clk 1:31:28]}  Nd7 {[%clk 1:16:12]} 16. Bf3 {[%clk 1:31:07]}  Rc8 {[%clk 1:15:04]} 17. b4 {[%clk 1:30:26]}  Bg5 {[%clk 1:13:00]} 18. Qe2 {[%clk 1:28:38]}  Nb6 {[%clk 1:11:54]} 19. Rac1 {[%clk 1:27:41]}  Na4 {[%clk 1:11:20]} 20. Rc2 {[%clk 1:26:47]}  a5 {[%clk 1:09:40]} 21. a3 {[%clk 1:27:12]}  axb4 {[%clk 1:09:40]} 22. axb4 {[%clk 1:27:36]}  Ra8 {[%clk 1:09:51]} 23. Bf4 {[%clk 1:25:22]}  Bh4 {[%clk 1:06:23]} 24. e4 {[%clk 1:24:13]}  Qd7 {[%clk 1:01:34]} 25. exd5 {[%clk 1:18:55]}  Bxd5 {[%clk 1:00:57]} 26. Ne4 {[%clk 1:07:04]}  Ra7 {[%clk 0:56:14]} 27. Nf6+ {[%clk 0:37:22]}  gxf6 {[%clk 0:45:04]} 28. Bxd5 {[%clk 0:35:46]}  exd5 {[%clk 0:45:04]} 29. Qh5 {[%clk 0:36:06]}  Bg5 {[%clk 0:43:03]} 30. Bxg5 {[%clk 0:36:30]}  fxg5 {[%clk 0:42:32]} 31. Qxg5+ {[%clk 0:36:47]}  Kh8 {[%clk 0:42:50]} 32. Qf6+ {[%clk 0:37:12]}  Kg8 {[%clk 0:42:45]} 33. Rf3 {[%clk 0:25:41]}  Rfa8 {[%clk 0:42:01]} 34. Rg3+ {[%clk 0:14:00]}  Kf8 {[%clk 0:42:18]} 35. Rf2 {[%clk 0:11:39]}  Qe8 {[%clk 0:27:51]} 36. Qh6+ {[%clk 0:11:54]}  Ke7 {[%clk 0:28:01]} 37. Qd6# {[%clk 0:12:21]} 1-0

[Event "45th FIDE Chess Olympiad Open"]
[Site "Budapest, Hungary"]
[Date "2024.09.20"]
[Round "9"]
[White "Thomas, Larry"]
[Black "Cheikhna, Mohamed Lemine"]
[Result "0-1"]
[Board "343"]
[WhiteFideId "93800045"]
[BlackFideId "19600151"]
[WhiteElo "1686"]
[BlackElo "1884"]
[WhiteTeam "Dominica"]
[BlackTeam "Mauritania"]
[WhiteClock "0:30:30"]
[BlackClock "0:04:42"]
[Variant "Standard"]

1. e4 {[%clk 1:30:58]}  c6 {[%clk 1:29:50]} 2. d4 {[%clk 1:31:00]}  d5 {[%clk 1:30:10]} 3. e5 {[%clk 1:30:39]}  e6 {[%clk 1:28:29]} 4. Nf3 {[%clk 1:30:00]}  c5 {[%clk 1:28:19]} 5. c3 {[%clk 1:28:20]}  Qb6 {[%clk 1:25:38]} 6. Be2 {[%clk 1:21:08]}  Nc6 {[%clk 1:18:17]} 7. h3 {[%clk 1:17:48]}  cxd4 {[%clk 1:15:50]} 8. cxd4 {[%clk 1:17:37]}  Nge7 {[%clk 1:15:22]} 9. g4 {[%clk 1:17:19]}  h5 {[%clk 1:11:21]} 10. Rg1 {[%clk 1:15:49]}  hxg4 {[%clk 1:10:11]} 11. hxg4 {[%clk 1:15:56]}  Ng6 {[%clk 1:09:25]} 12. a4 {[%clk 1:07:59]}  a6 {[%clk 1:04:09]} 13. Na3 {[%clk 0:59:18]}  Bb4+ {[%clk 0:58:55]} 14. Kf1 {[%clk 0:58:36]}  Be7 {[%clk 0:52:37]} 15. Bd3 {[%clk 0:43:18]}  Nh4 {[%clk 0:42:20]} 16. Rh1 {[%clk 0:31:18]}  Bd7 {[%clk 0:41:19]} 17. Nc2 {[%clk 0:28:15]}  O-O-O {[%clk 0:40:39]} 18. Ng5 {[%clk 0:17:09]}  Nf5 {[%clk 0:29:11]} 19. Rg1 {[%clk 0:15:54]}  Nh6 {[%clk 0:24:21]} 20. Nf3 {[%clk 0:10:14]}  f6 {[%clk 0:21:48]} 21. Rb1 {[%clk 0:07:57]}  Rdf8 {[%clk 0:12:41]} 22. Be3 {[%clk 0:06:26]}  Qb3 {[%clk 0:12:23]} 23. Nce1 {[%clk 0:05:57]}  Qxd1 {[%clk 0:10:50]} 24. Rxd1 {[%clk 0:06:26]}  Nb4 {[%clk 0:10:16]} 25. b3 {[%clk 0:06:09]}  Kb8 {[%clk 0:10:01]} 26. Rc1 {[%clk 0:04:03]}  Nf7 {[%clk 0:09:08]} 27. Ke2 {[%clk 0:03:41]}  Nc6 {[%clk 0:08:23]} 28. Bf4 {[%clk 0:02:17]}  fxe5 {[%clk 0:07:37]} 29. dxe5 {[%clk 0:02:15]}  Rc8 {[%clk 0:06:21]} 30. Rb1 {[%clk 0:01:58]}  Nb4 {[%clk 0:06:36]} 31. Bg6 {[%clk 0:01:37]}  Nh6 {[%clk 0:06:19]} 32. Bd2 {[%clk 0:01:28]}  Rhf8 {[%clk 0:04:45]} 33. Rc1 {[%clk 0:00:49]}  Nc6 {[%clk 0:04:52]} 34. Bc3 {[%clk 0:00:34]}  Rf4 {[%clk 0:04:31]} 35. Bd2 {[%clk 0:00:36]}  Rxg4 {[%clk 0:04:36]} 36. Bxh6 {[%clk 0:00:37]}  Rxg1 {[%clk 0:04:42]} 37. Nxg1 {[%clk 0:00:41]}  gxh6 {[%clk 0:04:42]} 38. Nd3 {[%clk 0:30:30]} 0-1

[Event "45th FIDE Chess Olympiad Open"]
[Site "Budapest, Hungary"]
[Date "2024.09.20"]
[Round "9"]
[White "Abdou Ahmed Alem"]
[Black "Auguiste, Lyndon"]
[Result "1-0"]
[Board "344"]
[WhiteFideId "19603720"]
[BlackFideId "93800053"]
[WhiteElo "1897"]
[BlackElo "1697"]
[WhiteTeam "Mauritania"]
[BlackTeam "Dominica"]
[WhiteClock "0:55:36"]
[BlackClock "0:02:11"]
[Variant "Standard"]

1. d4 {[%clk 1:30:55]}  Nf6 {[%clk 1:30:34]} 2. Bf4 {[%clk 1:31:14]}  e6 {[%clk 1:30:32]} 3. e3 {[%clk 1:31:37]}  d5 {[%clk 1:19:37]} 4. Bd3 {[%clk 1:31:57]}  Nc6 {[%clk 1:18:12]} 5. Nf3 {[%clk 1:31:34]}  Nh5 {[%clk 1:15:37]} 6. Bg5 {[%clk 1:29:55]}  f6 {[%clk 1:11:05]} 7. Bh4 {[%clk 1:29:53]}  g6 {[%clk 1:09:41]} 8. c3 {[%clk 1:24:00]}  Ng7 {[%clk 1:08:51]} 9. Qc2 {[%clk 1:19:18]}  Kf7 {[%clk 1:00:56]} 10. e4 {[%clk 1:16:56]}  Be7 {[%clk 0:57:38]} 11. Nbd2 {[%clk 1:16:26]}  Nh5 {[%clk 0:50:51]} 12. Bg3 {[%clk 1:14:49]}  dxe4 {[%clk 0:44:19]} 13. Bxe4 {[%clk 1:14:25]}  Nxg3 {[%clk 0:43:54]} 14. hxg3 {[%clk 1:14:52]}  Bd6 {[%clk 0:36:28]} 15. d5 {[%clk 1:10:56]}  Ne5 {[%clk 0:32:41]} 16. Nxe5+ {[%clk 1:09:58]}  Bxe5 {[%clk 0:32:54]} 17. dxe6+ {[%clk 1:10:18]}  Bxe6 {[%clk 0:33:08]} 18. Rxh7+ {[%clk 1:10:30]}  Rxh7 {[%clk 0:32:45]} 19. Bxg6+ {[%clk 1:10:58]}  Kg7 {[%clk 0:33:13]} 20. Bxh7 {[%clk 1:11:13]}  Qe8 {[%clk 0:30:02]} 21. O-O-O {[%clk 1:07:37]}  Qh5 {[%clk 0:29:14]} 22. Be4 {[%clk 1:07:27]}  c6 {[%clk 0:27:21]} 23. Nf3 {[%clk 1:05:33]}  Bc7 {[%clk 0:26:26]} 24. Nd4 {[%clk 1:05:14]}  Bf7 {[%clk 0:25:06]} 25. Nf5+ {[%clk 1:04:52]}  Kf8 {[%clk 0:24:55]} 26. Rd7 {[%clk 1:04:04]}  Qh1+ {[%clk 0:24:02]} 27. Rd1 {[%clk 1:03:00]}  Qh5 {[%clk 0:23:56]} 28. Qa4 {[%clk 0:56:08]}  Bb6 {[%clk 0:21:19]} 29. Qb4+ {[%clk 0:50:23]}  Kg8 {[%clk 0:19:56]} 30. Qe7 {[%clk 0:47:22]}  Qg6 {[%clk 0:14:29]} 31. Rh1 {[%clk 0:46:55]}  Re8 {[%clk 0:14:23]} 32. Qxe8+ {[%clk 0:47:12]}  Bxe8 {[%clk 0:14:30]} 33. Ne7+ {[%clk 0:47:32]}  Kg7 {[%clk 0:14:42]} 34. Nxg6 {[%clk 0:47:38]}  Bxg6 {[%clk 0:14:52]} 35. Bxg6 {[%clk 0:48:06]}  Kxg6 {[%clk 0:15:16]} 36. f3 {[%clk 0:48:28]}  f5 {[%clk 0:15:04]} 37. Kd2 {[%clk 0:48:36]}  Bf2 {[%clk 0:15:00]} 38. Rh3 {[%clk 0:49:04]}  b5 {[%clk 0:14:48]} 39. Ke2 {[%clk 0:49:28]}  Bb6 {[%clk 0:14:55]} 40. Rh8 {[%clk 0:49:39]}  Kf6 {[%clk 0:14:31]} 41. Rc8 {[%clk 0:49:55]}  c5 {[%clk 0:14:49]} 42. Ke3 {[%clk 0:50:23]}  Ke6 {[%clk 0:14:16]} 43. Kf4 {[%clk 0:50:49]}  c4 {[%clk 0:12:56]} 44. Rc6+ {[%clk 0:51:14]}  Kd5 {[%clk 0:12:47]} 45. Rxb6 {[%clk 0:51:39]}  axb6 {[%clk 0:12:53]} 46. Kxf5 {[%clk 0:52:07]}  Kc5 {[%clk 0:12:11]} 47. a3 {[%clk 0:52:34]}  b4 {[%clk 0:07:48]} 48. axb4+ {[%clk 0:52:55]}  Kb5 {[%clk 0:08:13]} 49. g4 {[%clk 0:53:15]}  Ka4 {[%clk 0:05:50]} 50. Ke5 {[%clk 0:53:43]}  Kb3 {[%clk 0:05:21]} 51. Kd4 {[%clk 0:54:12]}  b5 {[%clk 0:05:08]} 52. g5 {[%clk 0:54:39]}  Kxb2 {[%clk 0:02:58]} 53. g6 {[%clk 0:55:07]}  Kc2 {[%clk 0:02:11]} 54. g7 {[%clk 0:55:36]} 1-0